000 00449nam a2200181Ia 4500
001 17746
005 20260306171540.0
008 260306s9999||||xx |||||||||||||| ||und||
041 _aESP
082 _a658.15
_bV28 2002
100 _aVan Horne, James C.
_eAUT
245 0 _aFundamentos de administración financiera
260 _c2002
300 _axxi, 743 páginas :
_c26 cm.
650 _aGEN
654 _aCAN
942 _cLIB
_dJUS
_fJUS
_2ddc
_n
999 _c17746
_d17746